00565nam a2200157 a 450000100100000000500170001000800410002704000250006808200160009310000380010924501070014725000110025426000360026530000270030150000790032800001896020220328111526.0100521s1984 dr c 000 0 spa d aDO-SdBNPbspacBNPHU axxxxbP421d1 aPepén, Juan F. q (Juan Felix)10aDonde floreció el naranjo. La Altagracia :borigen y significado de su culto /cMons. Juan F. Pepen. a3a ed. aSanto Domingo :b[s.n.],c1984. a83 p. :bil. ;c22 cm. aTextos de la Biblia de la traducción de L. Alonso Scköel y Juan Mateos